| Tag |
First Indicator |
Second Indicator |
Subfields |
| LEADER |
00000cam a2200000Ia 4500 |
| 001 |
in00002017574 |
| 005 |
20151031153716.0 |
| 008 |
010921s2001 maua bm 000 0 eng d |
| 035 |
|
|
|a (OCoLC)ocm48011954
|
| 040 |
|
|
|a ORE
|c ORE
|d OCLCQ
|d TXA
|d UtOrBLW
|
| 043 |
|
|
|a ln-----
|
| 049 |
|
|
|a TXAM
|
| 090 |
|
|
|a GC1
|b .W583 no.2001-05
|
| 100 |
1 |
|
|a Saito, Mak A.
|
| 245 |
1 |
4 |
|a The biogeochemistry of cobalt in the Sargasso Sea /
|c by Mak A. Saito.
|
| 264 |
|
1 |
|a Cambridge, Mass. :
|b Massachusetts Institute of Technology ;
|a Woods Hole, Mass. :
|b Woods Hole Oceanographic Institution,
|c [2001]
|
| 300 |
|
|
|a 301 pages :
|b illustrations ;
|c 27 cm.
|
| 336 |
|
|
|a text
|b txt
|2 rdacontent
|
| 337 |
|
|
|a unmediated
|b n
|2 rdamedia
|
| 338 |
|
|
|a volume
|b nc
|2 rdacarrier
|
| 490 |
1 |
|
|a MIT/WHOI ;
|v 2001-05
|
| 500 |
|
|
|a "February, 2001."
|
| 502 |
|
|
|b Ph. D.
|c Massachusetts Institute of Technology and Woods Hole Oceanographic Institution
|d 2001.
|
| 504 |
|
|
|a Includes bibliographical references.
|
| 500 |
|
|
|a "Funding was provided by a grant from the National Science Foundation (OCE-9618729), the National Science Foundation Coastal Traineeship (DGE-9454129), and by an Environmental Protection Agency STAR Graduate Fellowship (U-914966-01-0)."
|
| 650 |
|
0 |
|a Biogeochemistry
|z Sargasso Sea.
|
| 650 |
|
0 |
|a Cobalt.
|
| 650 |
|
0 |
|a Marine phytoplankton
|z Sargasso Sea.
|
| 650 |
|
0 |
|a Cyanobacteria
|z Sargasso Sea.
|
| 710 |
2 |
|
|a Woods Hole Oceanographic Institution.
|
| 710 |
2 |
|
|a Massachusetts Institute of Technology.
|
| 830 |
|
0 |
|a MIT/WHOI (Series) ;
|v no. 2001-05.
|
| 994 |
|
|
|a E0
|b TXA
|
| 948 |
|
|
|a cataloged
|b h
|c 2004/12/16
|d c
|e jlanham
|f 2:35:13 pm
|
| 999 |
|
|
|a MARS
|
| 999 |
f |
f |
|s 8113f285-453b-3858-9c7e-3b10c46fabcb
|i 8491ed08-85cb-3079-a05b-6bbb680e2b9f
|t 0
|
| 952 |
f |
f |
|p ric
|a Texas A&M University
|b Rellis Campus
|c Joint Library Facility
|d Remote Storage
|t 0
|e GC1 .W583 no.2001-05
|h Library of Congress classification
|i unmediated -- volume
|m A14831695738
|
| 998 |
f |
f |
|a GC1 .W583 no.2001-05
|t 0
|l Remote Storage
|